<?xml version="1.0" encoding="UTF-8"?>
<record
    xmlns:xsi="http://www.w3.org/2001/XMLSchema-instance"
    xsi:schemaLocation="http://www.loc.gov/MARC21/slim http://www.loc.gov/standards/marcxml/schema/MARC21slim.xsd"
    xmlns="http://www.loc.gov/MARC21/slim">

  <leader>01358cam a2200385Ia 4500</leader>
  <controlfield tag="001">5524159</controlfield>
  <controlfield tag="003">OSt</controlfield>
  <controlfield tag="005">20210414113839.0</controlfield>
  <controlfield tag="008">060124s2007    maua     fc   000 0 eng d</controlfield>
  <datafield tag="020" ind1=" " ind2=" ">
    <subfield code="a">0073210064</subfield>
  </datafield>
  <datafield tag="024" ind1="3" ind2=" ">
    <subfield code="a">9780073210063</subfield>
  </datafield>
  <datafield tag="035" ind1=" " ind2=" ">
    <subfield code="a">(OCoLC)506262915</subfield>
  </datafield>
  <datafield tag="035" ind1=" " ind2=" ">
    <subfield code="a">(OCoLC)ocn506262915</subfield>
  </datafield>
  <datafield tag="035" ind1=" " ind2=" ">
    <subfield code="a">(NNC)5524159</subfield>
  </datafield>
  <datafield tag="040" ind1=" " ind2=" ">
    <subfield code="a">NNC</subfield>
    <subfield code="c">NNC</subfield>
  </datafield>
  <datafield tag="090" ind1=" " ind2=" ">
    <subfield code="a">HB171.5.F734 Guide</subfield>
  </datafield>
  <datafield tag="100" ind1="1" ind2=" ">
    <subfield code="a">Mogab, Jack.</subfield>
  </datafield>
  <datafield tag="245" ind1="1" ind2="0">
    <subfield code="a">Study guide for use with Principles of economics.</subfield>
    <subfield code="c">prepared by Jack Mogab, Louis Johnson.</subfield>
  </datafield>
  <datafield tag="246" ind1="1" ind2="0">
    <subfield code="a">Principles of economics</subfield>
  </datafield>
  <datafield tag="250" ind1=" " ind2=" ">
    <subfield code="a">Third edition</subfield>
  </datafield>
  <datafield tag="260" ind1=" " ind2=" ">
    <subfield code="a">Boston :</subfield>
    <subfield code="b">McGraw-Hill/Irwin,</subfield>
    <subfield code="c">c2007.</subfield>
  </datafield>
  <datafield tag="300" ind1=" " ind2=" ">
    <subfield code="a">vii, 493 p. :</subfield>
    <subfield code="b">ill. ;</subfield>
    <subfield code="c">28 cm.</subfield>
  </datafield>
  <datafield tag="505" ind1=" " ind2=" ">
    <subfield code="a">Contents: Introduction -- Competition and the invisible hand -- Market imperfections -- Economics of public policy -- Macroeconomic:issues and data -- The Long run -- The Short run -- The International economy.</subfield>
  </datafield>
  <datafield tag="650" ind1=" " ind2="0">
    <subfield code="a">Economics</subfield>
    <subfield code="x">Study and teaching</subfield>
    <subfield code="v">Handbooks, manuals, etc.</subfield>
  </datafield>
  <datafield tag="700" ind1="1" ind2=" ">
    <subfield code="a">Frank, Robert H.</subfield>
    <subfield code="t">Principles of economics.</subfield>
    <subfield code="s">3rd ed.</subfield>
  </datafield>
  <datafield tag="700" ind1="1" ind2=" ">
    <subfield code="a">Bernanke, Ben.</subfield>
  </datafield>
  <datafield tag="700" ind1="1" ind2=" ">
    <subfield code="a">Johnson, Louis.</subfield>
  </datafield>
  <datafield tag="942" ind1=" " ind2=" ">
    <subfield code="2">lcc</subfield>
    <subfield code="c">BK</subfield>
  </datafield>
  <datafield tag="948" ind1="1" ind2=" ">
    <subfield code="a">20060202</subfield>
    <subfield code="b">o</subfield>
    <subfield code="c">rad1</subfield>
    <subfield code="d">MPS</subfield>
  </datafield>
  <datafield tag="948" ind1="2" ind2=" ">
    <subfield code="a">20060202</subfield>
    <subfield code="b">a</subfield>
    <subfield code="c">rad1</subfield>
    <subfield code="d">MPS</subfield>
  </datafield>
  <datafield tag="948" ind1="2" ind2=" ">
    <subfield code="a">20060202</subfield>
    <subfield code="b">a</subfield>
    <subfield code="c">rad1</subfield>
    <subfield code="d">MPS</subfield>
  </datafield>
  <datafield tag="948" ind1="2" ind2=" ">
    <subfield code="a">20060202</subfield>
    <subfield code="b">a</subfield>
    <subfield code="c">rad1</subfield>
    <subfield code="d">MPS</subfield>
  </datafield>
  <datafield tag="948" ind1="2" ind2=" ">
    <subfield code="a">20060202</subfield>
    <subfield code="b">a</subfield>
    <subfield code="c">rad1</subfield>
    <subfield code="d">MPS</subfield>
  </datafield>
  <datafield tag="999" ind1=" " ind2=" ">
    <subfield code="c">26</subfield>
    <subfield code="d">7526</subfield>
  </datafield>
  <datafield tag="952" ind1=" " ind2=" ">
    <subfield code="0">0</subfield>
    <subfield code="1">0</subfield>
    <subfield code="2">lcc</subfield>
    <subfield code="4">0</subfield>
    <subfield code="7">0</subfield>
    <subfield code="a">WIUC-1</subfield>
    <subfield code="b">WIUC-1</subfield>
    <subfield code="c">GEN</subfield>
    <subfield code="d">2011-08-22</subfield>
    <subfield code="l">0</subfield>
    <subfield code="o">HB171.5.F7342Guide</subfield>
    <subfield code="p">049/11</subfield>
    <subfield code="r">2011-08-22 00:00:00</subfield>
    <subfield code="t">1</subfield>
    <subfield code="w">2011-08-22</subfield>
    <subfield code="y">BK</subfield>
  </datafield>
  <datafield tag="952" ind1=" " ind2=" ">
    <subfield code="0">0</subfield>
    <subfield code="1">0</subfield>
    <subfield code="2">lcc</subfield>
    <subfield code="4">0</subfield>
    <subfield code="7">0</subfield>
    <subfield code="a">WIUC-1</subfield>
    <subfield code="b">WIUC-1</subfield>
    <subfield code="c">GEN</subfield>
    <subfield code="d">2011-08-22</subfield>
    <subfield code="l">0</subfield>
    <subfield code="o">HB171.5.F7341Guide</subfield>
    <subfield code="p">050/11</subfield>
    <subfield code="r">2011-08-22 00:00:00</subfield>
    <subfield code="t">2</subfield>
    <subfield code="w">2011-08-22</subfield>
    <subfield code="y">BK</subfield>
  </datafield>
  <datafield tag="952" ind1=" " ind2=" ">
    <subfield code="0">0</subfield>
    <subfield code="1">0</subfield>
    <subfield code="2">lcc</subfield>
    <subfield code="4">0</subfield>
    <subfield code="7">0</subfield>
    <subfield code="a">WIUC-1</subfield>
    <subfield code="b">WIUC-1</subfield>
    <subfield code="c">GEN</subfield>
    <subfield code="d">2011-08-22</subfield>
    <subfield code="l">0</subfield>
    <subfield code="o">HB171.5.F7342Guide</subfield>
    <subfield code="p">051/11</subfield>
    <subfield code="r">2011-08-22 00:00:00</subfield>
    <subfield code="t">3</subfield>
    <subfield code="w">2011-08-22</subfield>
    <subfield code="y">BK</subfield>
  </datafield>
</record>
